|
|
|
|
| LEADER |
00768nab a2200157 i 4500 |
| 001 |
univ48895 |
| 005 |
20181019110731.0 |
| 008 |
181019s2018 hu o 0|| zxx d |
| 040 |
|
|
|a SZTE UnivHistória Repozitórium
|b hun
|
| 041 |
|
|
|a zxx
|
| 245 |
0 |
0 |
|a "Félidőben" az oktatáskutatás
|h [elektronikus dokumentum]
|
| 260 |
|
|
|c 2018-10-13
|
| 490 |
0 |
|
|a Promenad.hu
|
| 561 |
|
|
|a Egyetemi hirarchívum
|
| 695 |
|
|
|a Konferencia, MTA Tantárgy-pedagógiai Kutatási Program - Bölcsészeti és Társadalomtudományi Munkacsoport, MTA-SZTE Elbeszélt Történelem és Történelemtanítás Kutatócsoport
|
| 856 |
4 |
0 |
|u http://univ.bibl.u-szeged.hu/48895/1/%E2%80%9EF%C3%A9lid%C5%91ben%E2%80%9D%20az%20oktat%C3%A1skutat%C3%A1s%20-%20A%20h%C3%ADrek%20f%C5%91utc%C3%A1ja.pdf
|z Dokumentum-elérés
|